A History of Modern Erope from the Renaissance

Salvato in:
Dettagli Bibliografici
Autore principale: Merriman, John
Natura: Libro
Lingua:English
Pubblicazione: W.W. Norton & Company 1996
Soggetti:
Tags: Aggiungi Tag
Nessun Tag, puoi essere il primo ad aggiungerne! !
Thư viện lưu trữ: Mạng thư viện Đại học Đà Nẵng
LEADER 00912nam a22002651a 4500
001 000034844
003 11061
005 20151027134510.0
008 151027s1996 000 eng
020 |a 0393968855 
041 |a eng 
082 |a 420.90  |b ME-J 
100 |a Merriman, John 
245 |a A History of Modern Erope from the Renaissance  |c John Merriman 
260 |a W.W. Norton & Company  |c 1996 
300 |a 1515p. : ill ; 25cm 
650 |a A History of Modern Erope from the Renaissance, History 
OWN |a LNN 
AVA |a UDN50  |b LNN  |d 420.90 ME-J  |e available  |t Error 5001 Not defined in file expand_doc_bib_avail.  |f 1  |g 0  |h N  |i 0  |k 1 
999 |a From the UDN01 
AVA |a UDN50  |b LNN  |d 420.90 ME-J  |e available  |t Error 5001 Not defined in file expand_doc_bib_avail.  |f 1  |g 0  |h N  |i 0  |k 1 
TYP |a Monograph 
980 |a Mạng thư viện Đại học Đà Nẵng